000
00284nam a2200121 a 4500
008
101026s1976|||| d
100
1
_a
Nakovski, Atanas
245
1
0
_a
Svet večer, Svet ráno
260
_b
Tatran
_a
Bratislava
_c
1976
041
_a
slo
020
_c
19
044
_a
xo
_c
SK
999
_c
12289
_d
12289